Corporación Provincial y Cargos Corporativos : Julio 1974 / Diputación Provincial de Barcelona. Relaciones Públicas y Protocolo Julio 1974 / Diputación Provincial de Barcelona. Relaciones Públicas y Protocolo
Descripción Física:
[9] p. ; 21 cm
MARC
| LEADER | 00000nam a2200000Ia 4500 | ||
|---|---|---|---|
| 001 | 11814 | ||
| 008 | 160829s1974 xx 000 0 cat d | ||
| 080 | |a FU-11-15 | ||
| 110 | 1 | |a Barcelona (Catalunya : Barcelona). |b Departament de Relacions Públiques i Protocol |9 54964 | |
| 245 | |a Corporación Provincial y Cargos Corporativos : |b Julio 1974 / Diputación Provincial de Barcelona. Relaciones Públicas y Protocolo | ||
| 260 | |a Barcelona : |b (Imp. Casa Caritat), |c 1974 | ||
| 300 | |a [9] p. ; |c 21 cm | ||
| 610 | 1 | 0 | |a Barcelona (Catalunya : Província). |b Diputació |v Directoris |9 55988 |
| 901 | |a Arxiu | ||
| 942 | |n 1 | ||
| 952 | |0 0 |1 0 |4 0 |6 FU1115 |7 1 |9 41670 |a Arxiu |b Arxiu |d 2016-12-01 |l 0 |o FU-11-15 |p 11814 |r 2016-12-01 00:00:00 |w 2016-12-01 |y ARXIU | ||
| 999 | |c 43560 |d 43560 | ||